000 00994nam a22002415i 4500
001 176078
003 ES-MaACL
005 20250812171206.0
008 101215s1954 sp |||| | spa d
080 _a616.831-005
245 0 0 _aProcesos vasculares quirúrgicos del encéfalo /
_cpor S. Obrador Alcalde.
260 _aMadrid :
_bServicio de Medicina Interna Hospital Militar "Gómez Ulla",
_c1954.
300 _a18 p. ;
_c17 cm.
490 1 _aCuadernos de medicina interna ;
_v21
500 _aConferencia para el Curso de Patología del Encéfalo, organizado por el Servicio de Medicina Interna del Hospital Militar "Gómez Ulla"
504 _aBibliografía: p. 17-18.
650 0 7 _aEnfermedades cerebrovasculares
_2embne
_9144320
700 1 _aObrador Alcalde, Sixto,
_d1911-1978
_986417
710 2 _aHospital Militar Central "Gómez Ulla"
_9141700
830 0 _aCuadernos de medicina interna ;
_v21
_9183827
852 _aES-MaACL
_j2086-F-8
999 _c176078
_d176078